Spanish Words - Click the Pictures - Statistics

General Stats
  • This quiz has been taken 24 times
  • The average score is 18 of 24
Answers on the Map
Answers color-coded by a green-red scale on the quiz's map according to % correct below.
 
Answer Stats
Answer % Correct
un auto
86%
un avion
86%
un coco
86%
un gato
86%
un plátano
86%
una boca
81%
una fresa
81%
un perro
81%
los calcetines
76%
una ballena
76%
una mano
76%
una manzana
76%
un lapiz
76%
un raton
76%
una nube
71%
una oreja
71%
un paraguas
71%
una oveja
67%
una zanahoria
67%
un cerdo
67%
un cuchillo
67%
una piruleta
62%
un caracol
57%
un hongo
57%
No matching quizzes found
Score Distribution
Percent of People with Each Score
Percentile by Number Answered
Your Score History
You have not taken this quiz